000 02096nam a2200373 a 4500
003 EG-GiCUC
008 090415s1980 ua a f 000 0 ara d
017 _a79/490
_bمصر.دار الكتب
020 _a9772017814
040 _aEG-GiCUC
_bara
_cEG-GiCUC
041 _aara
_heng
043 _amr-----
092 0 4 _a909.09653
_bM2354
_221
099 _a04
_a909.09653 M2354
100 1 _aابو مخرمة : الطيب بن عبدالله :
_d1465-1540
245 1 2 _aالبحر الاحمر و المحاولات البرتغالية الاولى للسيطرة عليه :
_bنصوص جديدة مستخلصة من مشاهدات المؤرخ اليمنى بامخرمة كما سجلها فى مخطوط قلادة النحر/
_c دراسة وتحقيق محمد عبد العال احمد
246 0 2 _aقلادة النحر فى وفيات أعيان الدهر
246 3 0 _aنصوص جديدة مستخلصة من مشاهدات المؤرخ اليمنى بامخرمة كما سجلها فى مخطوط قلادة النحر
260 _aالإسكندرية: [مصر] :
_bالهيئة المصرية العامة للكتاب :
_c1980
300 _a280 ص ؛
_c30سم
500 _aيتضمن كشافات
504 _aيشتمل على ارجاعات ببليوجرافية(ص : 748-777)
600 1 0 _aابو مخرمة : الطيب بن عبدالله:
_d1465-1540
_tقلادة النحر فى وفيات أعيان الدهر
651 7 _aالبحر الأحمر (منطقة)
_xتاريخ
_2qrmak
651 7 _aالبرتغال
_xالعلاقات الخارجية
_zالعالم العربى
_2qrmak
651 7 _aالعالم العربى
_xالعلاقات الخارجية
_zالبرتغال
_2qrmak
700 1 _aاحمد: محمد عبد العال
902 _a4
905 _a
_eمراجع
905 _aجيهان شعراوى
_eمدخل
942 _2ddc
_cBK
999 _c109840
_d109840